El Problema de la inserción en los mercados de trabajo: una propuesta metodológica /

Gespeichert in:
Bibliographische Detailangaben
1. Verfasser: Maguid, Alicia
Weitere Verfasser: Erazo Fuentes, José Antonio
Format: Text
Veröffentlicht: San José: CSUCA
Tags: Tag hinzufügen
Keine Tags, Fügen Sie den ersten Tag hinzu!

MARC

LEADER 00000 a a2200000 04500
001 20877
003
040
090 |a 089406  
100 |a Maguid, Alicia  
245 |a El Problema de la inserción en los mercados de trabajo: una propuesta metodológica /  |c Alicia Maguid 
260 |a San José:   |b CSUCA  
300 |a 26 p.  
700 |a Erazo Fuentes, José Antonio  
999 |c 16063  |d 16063